书目信息 |
| 题名: |
化妆品
|
|
| 作者: | 唐冬雁 , 董银卯 编著 | |
| 分册: | ||
| 出版信息: | 北京 化学工业出版社 2017.04 |
|
| 页数: | 278页 | |
| 开本: | 24cm | |
| 丛书名: | 实用精细化学品丛书 | |
| 单 册: | ||
| 中图分类: | TQ658 | |
| 科图分类: | ||
| 主题词: | 化妆品 | |
| 电子资源: | ||
| ISBN: | 978-7-122-28954-4 | |
| 000 | 01568oam2 2200313 450 | |
| 001 | 0100084430 | |
| 005 | 20250617163838.07 | |
| 010 | @a978-7-122-28954-4@dCNY49.00 | |
| 100 | @a20170315d2017 em y0chiy50 ea | |
| 101 | 0 | @achi |
| 102 | @aCN@b110000 | |
| 105 | @ak z 000yy | |
| 106 | @ar | |
| 200 | 1 | @a化妆品@9hua zhuang pin@e原料类型·配方组成·制备工艺@f唐冬雁,董银卯编著 |
| 205 | @a2版 | |
| 210 | @a北京@c化学工业出版社@d2017.04 | |
| 215 | @a278页@d24cm | |
| 225 | 2 | @a实用精细化学品丛书 |
| 300 | @a国家教学团队建设成果 | |
| 330 | @a化妆品是与人们生活密切相关的精细化学品。本书在简介化妆品的分类、组成、功效评价和发展趋势的基础上,详细介绍了化妆品原料以及及肤用化妆品、毛发用化妆品、口腔卫生用品、美容化妆品和特种化妆品的配方组成和制备工艺等。第二版保留了第一版的基本结构,在内容上根据近年来化妆品的发展趋势,删除了部分不再使用的、欠温和以及有争议的原料,典型性欠佳的配方;增补了天然和绿色的动植物提取物原料、抗炎抗敏原料以及BB霜、CC霜、抗敏化妆品等符合发展潮流的原料和产品配方。 | |
| 333 | @a本书可供从事化妆品研究、开发、生产、管理、使用、销售的专业人员和管理人员阅读和使用,也可作为高等院校化学、化工专业的化妆品及相关课程的辅助教材及教学参考书 | |
| 461 | 0 | @12001 @a实用精细化学品丛书 |
| 517 | 1 | @a原料类型·配方组成·制备工艺@9yuan liao lei xing · pei fang zu cheng · zhi bei gong yi |
| 606 | 0 | @a化妆品 |
| 690 | @aTQ658@v5 | |
| 701 | 0 | @a唐冬雁@9tang dong yan@4编著 |
| 701 | 0 | @a董银卯@9dong yin mao@4编著 |
| 801 | 0 | @aCN@b人天书店@c20250616 |
| 905 | @b1624700-4@b216247014@b216247023@b216247032@b216247041@dTQ658@e113=2@f5 | |
| 化妆品:原料类型·配方组成·制备工艺/唐冬雁,董银卯编著.-2版.-北京:化学工业出版社,2017.04 |
| 278页;24cm.-(实用精细化学品丛书) |
| 国家教学团队建设成果.-使用对象:本书可供从事化妆品研究、开发、生产、管理、使用、销售的专业人员和管理人员阅读和使用,也可作为高等院校化学、化工专业的化妆品及相关课程的辅助教材及教学参考书 |
| ISBN 978-7-122-28954-4:CNY49.00 |
| 化妆品是与人们生活密切相关的精细化学品。本书在简介化妆品的分类、组成、功效评价和发展趋势的基础上,详细介绍了化妆品原料以及及肤用化妆品、毛发用化妆品、口腔卫生用品、美容化妆品和特种化妆品的配方组成和制备工艺等。第二版保留了第一版的基本结构,在内容上根据近年来化妆品的发展趋势,删除了部分不再使用的、欠温和以及有争议的原料,典型性欠佳的配方;增补了天然和绿色的动植物提取物原料、抗炎抗敏原料以及BB霜、CC霜、抗敏化妆品等符合发展潮流的原料和产品配方。 |
| ● |
| 相关链接 |
|
|
|
|
正题名:化妆品
索取号:TQ658/113=2
 
预约/预借
| 序号 | 登录号 | 条形码 | 馆藏地/架位号 | 状态 | 备注 |
| 1 | 1624700 | 216247005 | 第二样本阅览室/ [索取号:TQ658/113=2] | 在馆 | |
| 2 | 1624701 | 216247014 | 第三借阅区/ [索取号:TQ658/113=2] | 在馆 | |
| 3 | 1624702 | 216247023 | 第三借阅区/ [索取号:TQ658/113=2] | 在馆 | |
| 4 | 1624703 | 216247032 | 第三借阅区/ [索取号:TQ658/113=2] | 在馆 | |
| 5 | 1624704 | 216247041 | 第三借阅区/ [索取号:TQ658/113=2] | 在馆 |